|
|
|
|
| LEADER |
00968pam a22002538a 4500 |
| 001 |
00037844 |
| 005 |
20171026081025.0 |
| 008 |
170514s1996 ||||||Viesd |
| 041 |
0 |
# |
|a Vie
|
| 082 |
1 |
4 |
|b GI108TR
|a 796.44
|
| 100 |
1 |
# |
|a Phan, Thế Nguyên
|
| 110 |
1 |
# |
|b Trường CĐ SP Thể dục Trung ương số 2
|e Bộ môn Thể dục
|a Bộ giáo dục và Đào tạo
|
| 245 |
1 |
0 |
|a Giáo trình học phần thể dục cơ bản phần lý thuyết
|b Dùng cho học sinh - sinh viên trường CĐSP Thể dục TW2
|c Phan Thế Nguyên
|
| 260 |
# |
# |
|a Hà Nội
|c 1996
|
| 300 |
# |
# |
|a 42tr.
|
| 653 |
# |
# |
|a Cơ bản
|
| 653 |
# |
# |
|a giáo trình
|
| 653 |
# |
# |
|a Thể dục
|
| 852 |
# |
# |
|b Kho mượn
|j KGT.0053130
|
| 852 |
# |
# |
|b Kho đọc
|j KD.0021521
|
| 852 |
# |
# |
|j KD.0021521
|j KGT.0053130
|
| 910 |
|
|
|d 14/05/2017
|
| 980 |
# |
# |
|a Trung tâm Học liệu Lê Vũ Hùng, Trường Đại học Đồng Tháp
|